Contragolpe absoluto (Registro nro. 307196)
[ vista simple ]
| 000 -ENCABEZADO | |
|---|---|
| Número de control [NR] | 01023nam a2200253 a 4500 |
| 005 - FECHA Y HORA DE LA ÚLTIMA TRANSACCIÓN | |
| control field | 20171002142239.0 |
| 008 - DE LONGITUD FIJA DE DATOS DE ELEMENTOS - INFORMACIÓN GENERAL | |
| Elementos de longitud fija [NR] | 170908s2016 ag r 000 0 spa d |
| 020 ## - NUMERO INTERNACIONAL NORMALIZADO PARA LIBROS [R] | |
| Número Internacional Normalizado del libro [NR] | 9788446043331 |
| 040 ## - FUENTE DE CATALOGACION [NR] | |
| Agencia de catalogación original [NR] | CO-BoUCM |
| Idioma de catalogación [NR] | spa |
| Quien Cataloga | Sandra Palacio |
| Quien Clasifica | Sandra Palacio |
| 041 1# - CODIGO DE IDIOMA [R] | |
| Language code of original and/or intermediate translations of text | eng |
| Código de idioma para texto/pista de sonido o título separado [R] | Español |
| 100 1# - ASIENTO PRINCIPAL--NOMBRE PERSONAL [NR] | |
| Nombre personal [NR] | Zizek, Slavoj |
| Fechas asociadas con el nombre [NR] | 1949- |
| ID Autoridad | 31102 |
| 245 10 - MENCION DE TITULO [NR] | |
| Título [NR] | Contragolpe absoluto |
| Parte restante del título [NR] | para una refundación del materialismo dialéctico |
| Mención de responsabilidad, etc. [NR] | Slavoj Zizek ; traducción de Antonio J. Antón Fernández |
| 260 ## - PUBLICACION, DISTRIBUCION, ETC. (PIE DE IMPRENTA) [R] | |
| Lugar de publicación, distribución, etc. [R] | Argentina |
| Nombre del editor, distribuidor, etc. [R] | Ediciones Akal |
| Fecha de publicación, distribución, etc. [R] | 2016 |
| 300 ## - DESCRIPCION FISICA [R] | |
| Extensión [R] | 428 páginas |
| 490 0# - MENCION DE SERIE [R] | |
| Mención de serie [R] | Cuestiones de antagonismo |
| Designación numérica/secuencial del volumen [NR] | 89 |
| 600 14 - ASIENTO SECUNDARIO DE MATERIA - NOMBRE PERSONAL [R] | |
| Nombre personal [NR] | Hegel, Georg Wilhelm Friedrich |
| Fechas asociadas con el nombre [NR] | 1770-1831 |
| Subdivisión general [R] | Crítica e interpretación |
| 9 (RLIN) | 29479 |
| 650 17 - ASIENTO SECUNDARIO DE MATERIA - TERMINO TEMATICO [R] | |
| Término temático o nombre geográfico como elemento de entrada [NR] | Materialismo dialéctico |
| 9 (RLIN) | 19071 |
| 650 27 - ASIENTO SECUNDARIO DE MATERIA - TERMINO TEMATICO [R] | |
| Término temático o nombre geográfico como elemento de entrada [NR] | Dialéctica |
| 9 (RLIN) | 13168 |
| 650 27 - ASIENTO SECUNDARIO DE MATERIA - TERMINO TEMATICO [R] | |
| Término temático o nombre geográfico como elemento de entrada [NR] | Socialismo |
| 9 (RLIN) | 24700 |
| 700 1# - ASIENTO SECUNDARIO - NOMBRE PERSONAL [R] | |
| Nombre personal [NR] | Antón Fernández, Antonio José |
| 9 (RLIN) | 87096 |
| 765 ## - ASIENTO DE IDIOMA ORIGINAL [R] | |
| Título [NR] | Absolute recoil: towards a new foundation of dialectial materialism |
| 942 ## - ELEMENTOS DE ENTRADA AGREGADOS (KOHA) | |
| Sistema de clasificación | DEWEY |
| Tipo de ítem principal el descrito en 300a | Libro |
| Tema principal | Filosofía |
| Edición | 1 |
| Clasificación | 146.32 |
| Parte restante de la signatura top. | Z824ca |
| Total préstamos | Signatura topográfica | Código de barras | Última vez visto | Ejemplar | Costo de reposición | Price effective from | Tipo de ítem | Perdido | Sistema de clasificación | Dañado | No prestable | Tipo de ítem específico | Suprimido | Ubicación habitual | Ubicación actual | Localización | Fecha de creación | Proveedor | Forma de adquisición | Costo | Fecha de último préstamo | Total Renewals |
|---|---|---|---|---|---|---|---|---|---|---|---|---|---|---|---|---|---|---|---|---|---|---|
| 146.32 Z824ca | 100153886 | 05/12/2025 | Ej.1 | 26000.00 | 29/08/2017 | Libro | DEWEY | Libro | Claustro | Claustro | 2do piso | 29/08/2017 | 12 | Donación | 0.00 | |||||||
| 1 | 146.32 Z824ca | 100154150 | 05/12/2025 | Ej.2 | 72614.00 | 29/09/2017 | Libro | DEWEY | Libro | Claustro | Claustro | 2do piso | 29/09/2017 | 37 | Compra | 72614.00 | 31/01/2019 | 2 |